[Event "Istanbul Bagcilar op"]
[Site "Istanbul"]
[Date "2023.09.06"]
[Round "5"]
[White "Tirpan, Ceren"]
[Black "Maruflu, Enes Yusuf"]
[Result "0-1"]
[WhiteElo "1897"]
[BlackElo "2091"]
[PlyCount "106"]
[EventDate "2023.09.03"]
[EventType "swiss"]
[EventRounds "9"]
[EventCountry "TUR"]
[SourceTitle "EXT 2024"]
[Source "ChessBase"]
[SourceDate "2023.10.10"]
[SourceVersion "1"]
[SourceVersionDate "2023.10.10"]
[SourceQuality "1"]

1. e4 c5 2. Nc3 d6 3. d4 cxd4 4. Qxd4 Nc6 5. Qd2 Nf6 6. b3 e6 7. Bb2 Be7 8. g3 0-0 9. Bg2 d5 10. exd5 exd5 11. 0-0-0 d4 12. Ne4 Bg4 13. Nxf6+ Bxf6 14. Re1 Rc8 15. Be4 Re8 16. f3 Bg5 17. f4 Bf6 18. h3 Bh5 19. Rh2 d3 20. Bxd3 Rxe1+ 21. Qxe1 Nb4 22. Qxb4 Qxd3 23. Bxf6 Qxg3 24. Qxb7 Qxg1+ 25. Kb2 Qc5 26. Rg2 Bg6 27. f5 Qxf5 28. Bc3 Qxh3 29. Rg3 Qf5 30. Rg2 Qc5 31. Qb4 h5 32. Qxc5 Rxc5 33. Bd4 Rc7 34. c4 Kh7 35. Kc3 f6 36. b4 Be8 37. Rh2 Kh6 38. Kb3 Bf7 39. Bc5 g5 40. a4 h4 41. Kc3 Kh5 42. Rf2 Kg6 43. Kd4 h3 44. a5 g4 45. Ke4 Bxc4 46. Kf4 f5 47. Rd2 a6 48. Rd6+ Kh7 49. Bg1 Bb5 50. Kxf5 g3 51. Be3 h2 52. Rh6+ Kg8 53. Kf4 Rh7 0-1

[Event "Istanbul Bagcilar op"]
[Site "Istanbul"]
[Date "2023.09.04"]
[Round "3"]
[White "Shapovalovi, Vasiko"]
[Black "Maruflu, Enes Yusuf"]
[Result "1/2-1/2"]
[WhiteElo "1862"]
[BlackElo "2091"]
[PlyCount "113"]
[EventDate "2023.09.03"]
[EventType "swiss"]
[EventRounds "9"]
[EventCountry "TUR"]
[SourceTitle "EXT 2024"]
[Source "ChessBase"]
[SourceDate "2023.10.10"]
[SourceVersion "1"]
[SourceVersionDate "2023.10.10"]
[SourceQuality "1"]

1. d4 Nf6 2. c4 e6 3. Nc3 d5 4. cxd5 exd5 5. Bg5 c6 6. e3 Bd6 7. Bd3 0-0 8. Nge2 h6 9. Bh4 Re8 10. h3 a5 11. 0-0 Na6 12. Qd2 Nc7 13. Rae1 Ne6 14. Bb1 Ng5 15. f4 Ne6 16. Qc2 Nf8 17. Ng3 Ng6 18. Nh5 Be7 19. Bxf6 Bxf6 20. Kh1 Bd7 21. Na4 Nf8 22. Nc5 Bc8 23. Nxf6+ Qxf6 24. e4 Qxd4 25. exd5 Rxe1 26. Rxe1 cxd5 27. Nb3 Qxf4 28. Re8 Bf5 29. Rxf8+ Kxf8 30. Qxf5 Qxf5 31. Bxf5 b6 32. Kg1 g6 33. Bd3 Ke7 34. Kf2 Kd6 35. a4 Re8 36. g3 Re5 37. Bc2 Re8 38. Bd3 Ke5 39. Kf3 Kd6 40. Kf2 Re7 41. Bc2 Rc7 42. Bd3 Rc8 43. Ke3 Rh8 44. Kf3 Rg8 45. Nd4 Kc5 46. Nc2 Re8 47. Kf2 Re5 48. Kf3 d4 49. Kf4 Re6 50. g4 Rf6+ 51. Kg3 Re6 52. Kf4 Re7 53. Kg3 Kd5 54. Kf4 Re8 55. b3 Kc5 56. Kf3 Rd8 57. Ke4 1/2-1/2

[Event "TUR Cup"]
[Site "Denizli"]
[Date "2023.07.17"]
[Round "3"]
[White "Ozdilli, Mustafa Alper"]
[Black "Maruflu, Enes Yusuf"]
[Result "0-1"]
[WhiteElo "1399"]
[BlackElo "2118"]
[PlyCount "60"]
[EventDate "2023.07.16"]
[EventType "team-tourn"]
[EventRounds "9"]
[EventCountry "TUR"]
[SourceTitle "CBM 215 Extra"]
[Source "ChessBase"]
[SourceDate "2023.09.30"]
[SourceVersion "1"]
[SourceVersionDate "2023.09.30"]
[SourceQuality "1"]

1. d4 Nf6 2. c4 e6 3. Nf3 d5 4. g3 Be7 5. Bg2 0-0 6. Nc3 c5 7. cxd5 exd5 8. Bf4 Nc6 9. e3 c4 10. Ne5 Be6 11. 0-0 Qa5 12. Nxc6 bxc6 13. Qa4 Qb6 14. Qc2 Nh5 15. Qe2 Nxf4 16. gxf4 Rab8 17. Na4 Qa5 18. Qc2 g6 19. e4 dxe4 20. Bxe4 Bd5 21. b3 Bf6 22. Rfd1 cxb3 23. axb3 Bxb3 24. Qxc6 Bxd1 25. Rxd1 Be7 26. d5 Rbc8 27. Qd7 Rc7 28. Qg4 Qxa4 29. f5 Rfc8 30. fxg6 Qxd1+ 0-1

[Event "TUR Cup"]
[Site "Denizli"]
[Date "2023.07.16"]
[Round "1"]
[White "Dulger, Batuhan Ihsan"]
[Black "Maruflu, Enes Yusuf"]
[Result "0-1"]
[WhiteElo "1267"]
[BlackElo "2118"]
[PlyCount "96"]
[EventDate "2023.07.16"]
[EventType "team-tourn"]
[EventRounds "9"]
[EventCountry "TUR"]
[SourceTitle "CBM 215 Extra"]
[Source "ChessBase"]
[SourceDate "2023.09.30"]
[SourceVersion "1"]
[SourceVersionDate "2023.09.30"]
[SourceQuality "1"]

1. e4 c6 2. d4 d5 3. exd5 cxd5 4. Bd3 Nc6 5. c3 Nf6 6. Bf4 Bg4 7. Qb3 Qd7 8. Nd2 e6 9. Ngf3 Bd6 10. Ne5 Qc7 11. 0-0 0-0 12. Rae1 Bxe5 13. Bxe5 Nxe5 14. Rxe5 Nd7 15. Re3 Bh5 16. f4 Nf6 17. f5 Rae8 18. Rfe1 e5 19. h3 e4 20. Be2 Bxe2 21. R1xe2 Qf4 22. c4 Rc8 23. Rf2 Qd6 24. cxd5 Rfe8 25. Rfe2 Qf4 26. Qd1 Qxf5 27. Qe1 Qxd5 28. Nxe4 Nxe4 29. Rxe4 Rf8 30. Qb4 g6 31. Re7 Rc4 32. Qxb7 Qxd4+ 33. Kh2 Qd6+ 34. g3 h5 35. Qd7 Qf6 36. Re8 h4 37. Rxf8+ Kxf8 38. Qe8+ Kg7 39. Qe5 Qxe5 40. Rxe5 Rc2+ 41. Kg1 hxg3 42. Rb5 f5 43. a3 f4 44. Rb3 Kh6 45. Rf3 g5 46. b4 Kh5 47. a4 Kh4 48. b5 Kxh3 0-1

[Event "Cesme op-A 9th"]
[Site "Cesme"]
[Date "2023.06.22"]
[Round "5"]
[White "Maruflu, Enes Yusuf"]
[Black "Atabayev, Maksat"]
[Result "0-1"]
[WhiteElo "2091"]
[BlackElo "2474"]
[PlyCount "114"]
[EventDate "2023.06.19"]
[EventType "swiss"]
[EventRounds "9"]
[EventCountry "TUR"]
[SourceTitle "CBM 214 Extra"]
[Source "ChessBase"]
[SourceDate "2023.07.31"]
[SourceVersion "1"]
[SourceVersionDate "2023.07.31"]
[SourceQuality "1"]

1. e4 c5 2. Nf3 d6 3. d4 cxd4 4. Nxd4 Nf6 5. f3 e5 6. Nb3 Be7 7. c4 a5 8. Be3 a4 9. N3d2 0-0 10. Nc3 Qa5 11. Rc1 Be6 12. Be2 Bd8 13. Ndb1 Nc6 14. Qd2 Bb6 15. 0-0 Bxe3+ 16. Qxe3 Qb4 17. Na3 Nd4 18. Bd3 Rfc8 19. Rf2 Rc6 20. Rcf1 Qc5 21. Nd5 Bxd5 22. exd5 Rc7 23. Rd1 Rb8 24. g3 g6 25. Bf1 Kg7 26. Kg2 Nf5 27. Qxc5 Rxc5 28. Re1 Nd4 29. Rd2 Kf8 30. Kf2 Ne8 31. f4 f6 32. Bh3 b5 33. fxe5 fxe5 34. Nxb5 Nxb5 35. cxb5 Rcxb5 36. Ree2 Nf6 37. Be6 Ke7 38. Ke1 Rc5 39. Rc2 Rbb5 40. Rxc5 Rxc5 41. Rd2 Ne4 42. Rd3 Rc1+ 43. Ke2 Rc2+ 44. Ke3 Nc5 45. Ra3 Rxb2 46. h4 Nxe6 47. dxe6 Rb4 48. Rc3 Kxe6 49. Rc7 h5 50. Rg7 Rg4 51. Kf2 d5 52. Ra7 Rc4 53. Ra6+ Kf5 54. a3 d4 55. Ra8 Ke4 56. Ra6 d3 57. Rxg6 Rc2+ 0-1

[Event "Cesme op-A 9th"]
[Site "Cesme"]
[Date "2023.06.21"]
[Round "4"]
[White "Akbas, Umut Ata"]
[Black "Maruflu, Enes Yusuf"]
[Result "0-1"]
[WhiteElo "2405"]
[BlackElo "2091"]
[PlyCount "54"]
[EventDate "2023.06.19"]
[EventType "swiss"]
[EventRounds "9"]
[EventCountry "TUR"]
[SourceTitle "CBM 214 Extra"]
[Source "ChessBase"]
[SourceDate "2023.07.31"]
[SourceVersion "1"]
[SourceVersionDate "2023.07.31"]
[SourceQuality "1"]

1. c4 e5 2. Nc3 Bb4 3. Nd5 a5 4. Qc2 Nf6 5. Nf3 Nxd5 6. cxd5 d6 7. e3 Bg4 8. Bb5+ Nd7 9. a3 Bxf3 10. gxf3 Bc5 11. Qa4 Qe7 12. Kf1 Bb6 13. Rg1 g6 14. d3 Rd8 15. Bd2 0-0 16. Bxd7 Rxd7 17. Bxa5 Ra8 18. b4 Ba7 19. Rc1 b6 20. Rc6 Re8 21. Rg4 bxa5 22. Ra6 Bb6 23. bxa5 Bc5 24. d4 f5 25. Rh4 exd4 26. exd4 Qxh4 27. Qxd7 Qh3+ 0-1

[Event "Mersin op 6th"]
[Site "Mersin"]
[Date "2022.09.10"]
[Round "9"]
[White "Maruflu, Enes Yusuf"]
[Black "Eynullayev, Atilla Elshan"]
[Result "0-1"]
[WhiteElo "2065"]
[BlackElo "2313"]
[PlyCount "58"]
[EventDate "2022.09.04"]
[EventType "swiss"]
[EventRounds "9"]
[EventCountry "TUR"]
[SourceTitle "CBM 210 Extra"]
[Source "ChessBase"]
[SourceDate "2022.11.30"]
[SourceVersion "1"]
[SourceVersionDate "2022.11.30"]
[SourceQuality "1"]

1. e4 c5 2. Nf3 d6 3. Bb5+ Nd7 4. d4 cxd4 5. Qxd4 a6 6. Bxd7+ Bxd7 7. Nc3 e5 8. Qd3 h6 9. Nd2 b5 10. a4 Rb8 11. axb5 axb5 12. Nd5 Ne7 13. 0-0 Nxd5 14. exd5 Be7 15. Nb3 0-0 16. Bd2 b4 17. Ra5 Qc8 18. f4 Bd8 19. Raa1 Bb5 20. Qg3 Bxf1 21. Rxf1 Bb6+ 22. Kh1 Qc4 23. Re1 Qxc2 24. fxe5 dxe5 25. Rc1 Qxb2 26. Bxh6 e4 27. Bf4 Rbc8 28. Rf1 Rc3 29. Qg5 Rxb3 0-1

[Event "Mersin op 6th"]
[Site "Mersin"]
[Date "2022.09.07"]
[Round "5"]
[White "Maruflu, Enes Yusuf"]
[Black "Gokcek, Kursat Bugra"]
[Result "1-0"]
[WhiteElo "2065"]
[BlackElo "2144"]
[PlyCount "65"]
[EventDate "2022.09.04"]
[EventType "swiss"]
[EventRounds "9"]
[EventCountry "TUR"]
[SourceTitle "CBM 210 Extra"]
[Source "ChessBase"]
[SourceDate "2022.11.30"]
[SourceVersion "1"]
[SourceVersionDate "2022.11.30"]
[SourceQuality "1"]

1. d4 Nf6 2. c4 g6 3. Nc3 Bg7 4. e4 d6 5. Be2 0-0 6. h4 h5 7. Bg5 Nc6 8. Qd2 a6 9. Nf3 Bg4 10. d5 Bxf3 11. gxf3 Nb8 12. 0-0-0 b5 13. cxb5 axb5 14. Bxb5 Nbd7 15. Bh6 Bh8 16. Rhg1 Re8 17. Kb1 Kh7 18. Be3 Rf8 19. f4 Qb8 20. a4 Nb6 21. Bd4 Nfd7 22. Bxh8 Rxh8 23. f5 Rg8 24. Qg5 Nf6 25. f4 Qc8 26. Qg2 gxf5 27. Qe2 Ng4 28. exf5 Qd8 29. Ne4 Nxa4 30. Ng5+ Kg7 31. Rxg4 hxg4 32. Qxg4 Qb8 33. Qh5 1-0

[Event "Mersin op 6th"]
[Site "Mersin"]
[Date "2022.09.04"]
[Round "1"]
[White "Maruflu, Enes Yusuf"]
[Black "Ahmad, Al Khatib"]
[Result "0-1"]
[WhiteElo "2065"]
[BlackElo "2259"]
[PlyCount "132"]
[EventDate "2022.09.04"]
[EventType "swiss"]
[EventRounds "9"]
[EventCountry "TUR"]
[SourceTitle "CBM 210 Extra"]
[Source "ChessBase"]
[SourceDate "2022.11.30"]
[SourceVersion "1"]
[SourceVersionDate "2022.11.30"]
[SourceQuality "1"]

1. e4 c6 2. d4 d5 3. Nd2 dxe4 4. Nxe4 Nf6 5. Nxf6+ exf6 6. Bc4 Na6 7. Ne2 Bd6 8. Bf4 0-0 9. 0-0 Nc7 10. c3 b5 11. Bb3 Be6 12. Bxe6 Nxe6 13. Bxd6 Qxd6 14. Ng3 Qd5 15. Qb3 g6 16. Rfe1 Rfd8 17. Ne4 Kg7 18. Rad1 f5 19. Qxd5 Rxd5 20. Ng3 Rad8 21. b4 c5 22. bxc5 Nxc5 23. Re7 Na4 24. Ne2 R5d7 25. Rxd7 Rxd7 26. Kf1 Re7 27. Rc1 Nb6 28. Nf4 Nc4 29. Rc2 g5 30. Re2 Rc7 31. Nd5 Rd7 32. Ne3 Nd6 33. g3 Kg6 34. f3 h5 35. h3 Nc8 36. Nd1 Nb6 37. Rb2 a6 38. Ne3 Rc7 39. Rb3 f4 40. gxf4 gxf4 41. Nd1 Kg5 42. Rb2 Nd5 43. Rc2 Rc4 44. Ke2 Kh4 45. Kd3 f5 46. Rg2 Rc6 47. Rg7 Re6 48. Rd7 Ne3 49. d5 Re5 50. Kd4 Re8 51. Nf2 Kg3 52. Nd3 Kxf3 53. d6 Nc2+ 54. Kd5 Ne3+ 55. Kc6 Nc4 56. Kc7 Re6 57. Re7 Rxd6 58. Ne5+ Nxe5 59. Kxd6 Nc4+ 60. Kc5 Kg3 61. Rg7+ Kxh3 62. Kd4 f3 63. Kd3 f4 64. Rg1 Ne5+ 65. Ke4 f2 66. Rc1 Kg2 0-1

[Event "TUR-chT 2nd League"]
[Site "Konya"]
[Date "2022.08.28"]
[Round "9.1"]
[White "Maruflu, Enes Yusuf"]
[Black "Taspinar, Yanki"]
[Result "1/2-1/2"]
[WhiteElo "2068"]
[BlackElo "2314"]
[PlyCount "66"]
[EventDate "2022.08.22"]
[EventType "team-swiss"]
[EventRounds "9"]
[EventCountry "TUR"]
[SourceTitle "CBM 210 Extra"]
[Source "ChessBase"]
[SourceDate "2022.11.30"]
[SourceVersion "1"]
[SourceVersionDate "2022.11.30"]
[SourceQuality "1"]
[WhiteTeam "Eskiseh Tasci"]
[BlackTeam "Seyhan Belediye"]
[WhiteTeamCountry "TUR"]
[BlackTeamCountry "TUR"]

1. e4 e5 2. Nf3 Nc6 3. Bc4 Nf6 4. Ng5 d5 5. exd5 Na5 6. Bb5+ c6 7. dxc6 bxc6 8. Be2 h6 9. Nf3 e4 10. Ne5 Bd6 11. d4 exd3 12. Nxd3 Qc7 13. b3 0-0 14. Bb2 Ne4 15. Nc3 Bf5 16. h3 Rad8 17. Nxe4 Bxe4 18. 0-0 c5 19. Bf3 Bxf3 20. Qxf3 c4 21. bxc4 Nxc4 22. Bc3 Nb6 23. Nb4 a5 24. Nc6 Rc8 25. Qg4 f6 26. Nd4 Qxc3 27. Qe6+ Kh8 28. Qxd6 Nc4 29. Qf4 g5 30. Qe4 Nd2 31. Qg6 Qxd4 32. Qxh6+ Kg8 33. Qg6+ Kh8 1/2-1/2

[Event "TUR-chT 2nd League"]
[Site "Konya"]
[Date "2022.08.23"]
[Round "2.8"]
[White "Maruflu, Enes Yusuf"]
[Black "Tay, Ugur Can"]
[Result "1-0"]
[WhiteElo "2068"]
[BlackElo "1619"]
[PlyCount "116"]
[EventDate "2022.08.22"]
[EventType "team-swiss"]
[EventRounds "9"]
[EventCountry "TUR"]
[SourceTitle "CBM 210 Extra"]
[Source "ChessBase"]
[SourceDate "2022.11.30"]
[SourceVersion "1"]
[SourceVersionDate "2022.11.30"]
[SourceQuality "1"]
[WhiteTeam "Eskiseh Tasci"]
[BlackTeam "Calli Spor"]
[WhiteTeamCountry "TUR"]
[BlackTeamCountry "TUR"]

1. Nf3 Nf6 2. d4 g6 3. c4 Bg7 4. Nc3 d5 5. Bg5 c6 6. e3 0-0 7. h3 b6 8. Rc1 Bb7 9. Be2 Nbd7 10. cxd5 Nxd5 11. Nxd5 cxd5 12. 0-0 Nf6 13. Qa4 a5 14. Qa3 Rc8 15. Rxc8 Qxc8 16. Qxe7 Re8 17. Qa3 Ne4 18. Bb5 Nxg5 19. Nxg5 Bf8 20. Qb3 Re7 21. Nf3 Rc7 22. Bd3 Qe6 23. a3 Be7 24. Nd2 Qc6 25. Nb1 a4 26. Qd1 b5 27. Nc3 Ba6 28. Na2 b4 29. Nxb4 Bxb4 30. axb4 Bxd3 31. Qxd3 Qc4 32. Qa3 Qb3 33. Qxb3 axb3 34. Ra1 Rb7 35. Ra3 Rxb4 36. Kf1 Kg7 37. Ke2 Kf6 38. Kd3 h5 39. h4 Kf5 40. f3 f6 41. Ra5 Ke6 42. e4 dxe4+ 43. fxe4 Rb6 44. Ra8 Kf7 45. Ra5 Ke6 46. Kc4 Rc6+ 47. Rc5 Rb6 48. g3 Kd6 49. Rd5+ Ke6 50. Rb5 Rc6+ 51. Kd3 Rc2 52. Rb6+ Ke7 53. Rxb3 Rg2 54. Kc4 g5 55. hxg5 fxg5 56. Kd5 g4 57. Ke5 Rf2 58. Rb7+ Kf8 1-0

[Event "Ankara Baskent Univ op-A 5th"]
[Site "Ankara"]
[Date "2022.07.04"]
[Round "5"]
[White "Altun, Arda"]
[Black "Maruflu, Enes Yusuf"]
[Result "1/2-1/2"]
[WhiteElo "2213"]
[BlackElo "2046"]
[PlyCount "86"]
[EventDate "2022.07.02"]
[EventType "swiss"]
[EventRounds "9"]
[EventCountry "TUR"]
[SourceTitle "CBM 209 Extra"]
[Source "ChessBase"]
[SourceDate "2022.09.30"]
[SourceVersion "1"]
[SourceVersionDate "2022.09.30"]
[SourceQuality "1"]

1. e4 e5 2. Nf3 Nc6 3. Bb5 Nf6 4. d3 Bc5 5. Nbd2 0-0 6. Nb3 Bb6 7. Bxc6 bxc6 8. Nxe5 d5 9. 0-0 dxe4 10. dxe4 Qe8 11. Bf4 Nxe4 12. Qd3 f6 13. Qxe4 fxe5 14. Bg3 Bf5 15. Qe2 Qg6 16. Rac1 Kh8 17. Kh1 Rae8 18. Bxe5 Bxc2 19. Bxg7+ Kxg7 20. Qxc2 Qxc2 21. Rxc2 Rxf2 22. Rcxf2 Bxf2 23. Rd1 Re2 24. Nd2 Bd4 25. b3 c5 26. g3 Rf2 27. b4 Kg6 28. a4 cxb4 29. Ne4 Re2 30. Rxd4 b3 31. Nc3 Rc2 32. Nd1 c5 33. Rd5 c4 34. Kg1 c3 35. Nxc3 Rxc3 36. Rb5 a6 37. Rb4 Kf5 38. Kf2 a5 39. Rb5+ Ke4 40. Ke2 Rc2+ 41. Kd1 Rxh2 42. Rxb3 Ra2 43. Rb7 Rxa4 1/2-1/2

[Event "TUR Cup"]
[Site "Adapazari"]
[Date "2022.03.31"]
[Round "10"]
[White "Bacak, Muhammed Kaan"]
[Black "Maruflu, Enes Yusuf"]
[Result "1-0"]
[WhiteElo "2137"]
[BlackElo "1952"]
[PlyCount "107"]
[EventDate "2022.03.25"]
[EventType "swiss"]
[EventRounds "11"]
[EventCountry "TUR"]
[SourceTitle "EXT 2023"]
[Source "ChessBase"]
[SourceDate "2022.10.05"]
[SourceVersion "1"]
[SourceVersionDate "2022.10.05"]
[SourceQuality "1"]

1. Nf3 d5 2. g3 Nf6 3. Bg2 c6 4. c4 Bf5 5. cxd5 cxd5 6. Qb3 Qc8 7. Nc3 e6 8. d3 Nc6 9. 0-0 Be7 10. Bf4 0-0 11. Nb5 Qd7 12. Rac1 Rac8 13. Ne5 Nxe5 14. Bxe5 a6 15. Na7 Rc5 16. d4 Rxc1 17. Rxc1 Ne8 18. Nc8 Bd8 19. Nb6 Bxb6 20. Qxb6 f6 21. Bf4 g5 22. Bb8 Ng7 23. Bd6 Rc8 24. Rxc8+ Qxc8 25. Bc5 Qd7 26. b3 Kf7 27. f3 Ne8 28. e4 Bg6 29. Ba3 Kg7 30. Bh3 Bf7 31. Qc5 Qc7 32. exd5 exd5 33. Bf5 Qxc5 34. dxc5 Bg6 35. Bc8 Bb1 36. Bxb7 a5 37. Bxd5 Bxa2 38. Bc6 Nc7 39. Ba4 Kf7 40. Bc1 Ne6 41. Be3 Ke7 42. c6 Kd6 43. Bb6 Bb1 44. Bxa5 Bf5 45. g4 Bd3 46. b4 Nd4 47. c7 Ba6 48. b5 Bc8 49. Kf2 Kc5 50. b6 f5 51. Bd7 Bb7 52. c8Q+ Bxc8 53. Bxc8 Nc6 54. b7 1-0

[Event "TUR Cup"]
[Site "Adapazari"]
[Date "2022.03.28"]
[Round "6"]
[White "Topuz, Mirac Melih"]
[Black "Maruflu, Enes Yusuf"]
[Result "0-1"]
[WhiteElo "1515"]
[BlackElo "1952"]
[PlyCount "60"]
[EventDate "2022.03.25"]
[EventType "swiss"]
[EventRounds "11"]
[EventCountry "TUR"]
[SourceTitle "EXT 2023"]
[Source "ChessBase"]
[SourceDate "2022.10.05"]
[SourceVersion "1"]
[SourceVersionDate "2022.10.05"]
[SourceQuality "1"]

1. d4 d5 2. Bf4 Nf6 3. e3 c5 4. c3 Nc6 5. Nf3 Qb6 6. Qb3 c4 7. Qxb6 axb6 8. Nbd2 b5 9. Ne5 b4 10. Nxc6 bxc6 11. cxb4 e6 12. e4 Bxb4 13. e5 Nd7 14. Be3 0-0 15. Be2 c5 16. dxc5 c3 17. bxc3 Bxc3 18. Rc1 d4 19. Bf4 Rxa2 20. Bc4 Rb2 21. Rd1 Rb4 22. Bf1 Nxc5 23. f3 Rb2 24. Bc4 Rc2 25. Bb5 Bd7 26. Bxd7 Nd3+ 27. Kf1 Nxf4 28. Nc4 Ra8 29. Rb1 h5 30. Bc6 Ra1 0-1

[Event "TUR Cup"]
[Site "Adapazari"]
[Date "2022.03.26"]
[Round "2"]
[White "Melik, Enes"]
[Black "Maruflu, Enes Yusuf"]
[Result "0-1"]
[WhiteElo "1592"]
[BlackElo "1952"]
[PlyCount "90"]
[EventDate "2022.03.25"]
[EventType "swiss"]
[EventRounds "11"]
[EventCountry "TUR"]
[SourceTitle "EXT 2023"]
[Source "ChessBase"]
[SourceDate "2022.10.05"]
[SourceVersion "1"]
[SourceVersionDate "2022.10.05"]
[SourceQuality "1"]

1. f4 Nf6 2. Nf3 g6 3. b3 Bg7 4. Bb2 0-0 5. e3 d6 6. Be2 Nbd7 7. 0-0 e5 8. fxe5 Ng4 9. Qe1 Ngxe5 10. Nxe5 Nxe5 11. Nc3 c6 12. Qg3 h5 13. d4 h4 14. Qf2 Ng4 15. Bxg4 Bxg4 16. Rae1 h3 17. Qg3 hxg2 18. Rf4 f5 19. Qxg2 Qh4 20. Qg3 Qxg3+ 21. hxg3 Rae8 22. Rff1 Bh3 23. Rf4 g5 24. Rf2 Bxd4 25. Nd1 Bg7 26. Bc1 Be5 27. Kh2 Bg4 28. Kg2 Kg7 29. Bb2 d5 30. Bxe5+ Rxe5 31. Nb2 Rfe8 32. Nd1 d4 33. Rd2 c5 34. c3 Bxd1 35. cxd4 cxd4 36. Rexd1 dxe3 37. Rd7+ R8e7 38. Kf3 e2 39. Rxe7+ Rxe7 40. Re1 Kf6 41. b4 Re8 42. a3 b5 43. Kf2 Re4 44. Kf3 Ke5 45. Kf2 Kd4 0-1

[Event "TUR Cup"]
[Site "Ankara"]
[Date "2021.12.12"]
[Round "9"]
[White "Maruflu, Enes Yusuf"]
[Black "Acar, Cengiz Can"]
[Result "1-0"]
[WhiteElo "1917"]
[BlackElo "1744"]
[PlyCount "73"]
[EventDate "2021.12.08"]
[EventType "swiss"]
[EventRounds "9"]
[EventCountry "TUR"]
[SourceTitle "CBM 205 Extra"]
[Source "ChessBase"]
[SourceDate "2022.01.31"]
[SourceVersion "1"]
[SourceVersionDate "2022.01.31"]
[SourceQuality "1"]

1. Nf3 g6 2. e4 Bg7 3. d4 c5 4. dxc5 Qa5+ 5. c3 Qxc5 6. Be3 Qc7 7. Bd4 Bxd4 8. cxd4 Nf6 9. Nc3 Qa5 10. Qd2 d6 11. e5 dxe5 12. dxe5 Nfd7 13. 0-0-0 Nc6 14. e6 fxe6 15. h4 Nb6 16. h5 gxh5 17. Qh6 Bd7 18. Rxh5 e5 19. Nxe5 Nxe5 20. Qg7 0-0-0 21. Rxe5 Qb4 22. Re4 Qc5 23. Rdd4 Bc6 24. Rxd8+ Rxd8 25. Re3 Nd5 26. Qe5 Qb4 27. a3 Qh4 28. Qf5+ Kc7 29. g3 Qh1 30. Nxd5+ Rxd5 31. Qf4+ e5 32. Rxe5 Rxe5 33. Qxe5+ Kb6 34. Qd4+ Kc7 35. Qd1 Ba4 36. Qe1 Bb5 37. Qe5+ 1-0

[Event "TUR Cup"]
[Site "Ankara"]
[Date "2021.12.11"]
[Round "4"]
[White "Ugur, Cem"]
[Black "Maruflu, Enes Yusuf"]
[Result "0-1"]
[WhiteElo "1616"]
[BlackElo "1917"]
[PlyCount "94"]
[EventDate "2021.12.08"]
[EventType "swiss"]
[EventRounds "9"]
[EventCountry "TUR"]
[SourceTitle "CBM 205 Extra"]
[Source "ChessBase"]
[SourceDate "2022.01.31"]
[SourceVersion "1"]
[SourceVersionDate "2022.01.31"]
[SourceQuality "1"]

1. e4 c5 2. Nf3 d6 3. d3 Nc6 4. g3 g6 5. Bg2 Bg7 6. c3 Nf6 7. 0-0 0-0 8. Nbd2 e5 9. Re1 h6 10. a3 b6 11. b4 Bb7 12. Bb2 Nd7 13. Nc4 Qc7 14. Rc1 b5 15. Ne3 a5 16. bxc5 dxc5 17. Nd5 Qd6 18. d4 Nf6 19. Nxf6+ Bxf6 20. d5 Ne7 21. c4 b4 22. Qd2 Bg7 23. h4 Bc8 24. Nh2 Bd7 25. f4 Rfb8 26. fxe5 Bxe5 27. Bxe5 Qxe5 28. Qxh6 Qxg3 29. Re3 Qe5 30. Nf3 Qg7 31. Qxg7+ Kxg7 32. Ne5 Be8 33. Nd3 bxa3 34. Nxc5 a2 35. Ra3 Rb1 36. Nd3 Rc8 37. Rxa2 Rxc1+ 38. Nxc1 Rxc4 39. Nd3 a4 40. Kf2 f5 41. e5 Nxd5 42. Bxd5 Rd4 43. Be6 Rxd3 44. Bc8 Rh3 45. e6 Rh2+ 46. Ke3 Rxa2 47. Bd7 Kf8 0-1

[Event "TUR Cup"]
[Site "Ankara"]
[Date "2021.12.08"]
[Round "1"]
[White "Maruflu, Enes Yusuf"]
[Black "Tas, Ruzgar"]
[Result "1-0"]
[WhiteElo "1917"]
[BlackElo "1109"]
[PlyCount "51"]
[EventDate "2021.12.08"]
[EventType "swiss"]
[EventRounds "9"]
[EventCountry "TUR"]
[SourceTitle "CBM 205 Extra"]
[Source "ChessBase"]
[SourceDate "2022.01.31"]
[SourceVersion "1"]
[SourceVersionDate "2022.01.31"]
[SourceQuality "1"]

1. e4 c5 2. Nf3 e6 3. d4 Nc6 4. d5 exd5 5. exd5 Nce7 6. d6 Nc6 7. Qe2+ Nge7 8. Nc3 Nd4 9. Nxd4 cxd4 10. Nb5 Qa5+ 11. Bd2 Qb6 12. Nc7+ Kd8 13. dxe7+ Bxe7 14. Nd5 Qd6 15. Qxe7+ Qxe7+ 16. Nxe7 Kxe7 17. 0-0-0 d6 18. Bb4 a5 19. Ba3 Be6 20. Rxd4 Rhd8 21. Bb5 Rac8 22. b3 Bf5 23. c4 Rc7 24. Rhd1 f6 25. Bxd6+ Rxd6 26. Rxd6 1-0

[Event "Kirsehir Ahilik op"]
[Site "Kirsehir"]
[Date "2021.09.16"]
[Round "5"]
[White "Maruflu, Enes Yusuf"]
[Black "Temizer, Umut"]
[Result "1-0"]
[WhiteElo "1845"]
[BlackElo "1956"]
[PlyCount "121"]
[EventDate "2021.09.13"]
[EventType "swiss"]
[EventRounds "9"]
[EventCountry "TUR"]
[SourceTitle "CBM 204 Extra"]
[Source "ChessBase"]
[SourceDate "2021.11.30"]
[SourceVersion "1"]
[SourceVersionDate "2021.11.30"]
[SourceQuality "1"]

1. e4 c5 2. Nf3 g6 3. d4 cxd4 4. Nxd4 Nc6 5. c4 Nf6 6. Nc3 Nxd4 7. Qxd4 d6 8. Be3 Bg7 9. Be2 0-0 10. Qd2 Qa5 11. f3 Be6 12. Nd5 Qxd2+ 13. Kxd2 Nxd5 14. exd5 Bf5 15. Bd3 Bxd3 16. Kxd3 b6 17. Rab1 e5 18. Rhd1 Rac8 19. b4 Rfd8 20. a4 f5 21. Rdc1 Re8 22. c5 dxc5 23. bxc5 Red8 24. cxb6 Rxd5+ 25. Ke2 Rxc1 26. Rxc1 axb6 27. Bxb6 e4 28. fxe4 fxe4 29. Rc4 Kf7 30. Rxe4 Bc3 31. Rc4 Ba5 32. Be3 Rd6 33. Rc5 Bb6 34. Rb5 Bxe3 35. Kxe3 Rd1 36. a5 Ra1 37. Kd4 Ra2 38. g4 Rxh2 39. Kc5 Rg2 40. a6 Rxg4 41. Ra5 Re4 42. a7 Re8 43. a8Q Rxa8 44. Rxa8 Ke6 45. Rf8 Ke5 46. Kc4 Ke4 47. Kc3 Ke3 48. Re8+ Kf3 49. Kd2 h5 50. Ke1 h4 51. Kf1 g5 52. Ra8 Kg3 53. Kg1 g4 54. Ra3+ Kf4 55. Kf2 Ke4 56. Ra4+ Kf5 57. Ke3 h3 58. Kf2 h2 59. Kg2 g3 60. Ra3 Kf4 61. Rf3+ 1-0